Bozcaada destinasyonu /

Saved in:
Bibliographic Details
Main Author: Aksu, Murat, (Author)
Format: Book
Language:Turkish
Published: Kızılay, Ankara : Detay Yayıncılık, 2015.
Edition:1. baskı.
Series:Detay Yayınları ; 650
Subjects:
Tags: Add Tag
No Tags, Be the first to tag this record!
LEADER 01226cam a22003734i 4500
001 13069430
005 20180207141359.0
008 160815s2015 tu a b 000 0 tur c
010 |a  2015346955 
035 |a (OCoLC)ocn953142280 
040 |a PUL  |b eng  |e rda  |c PUL  |d DLC  |d OCLCF  |d OCLCO  |d OCL  |d OCLCQ 
020 |a 9786059189019 
020 |a 6059189016 
020 |z 9786059189016 
035 |a (OCoLC)953142280 
042 |a pcc  |a lcode 
043 |a a-tu--- 
050 0 0 |a DS51.B73  |b A39 2015 
049 |a ZCUA 
100 1 |a Aksu, Murat,  |e author. 
245 1 0 |a Bozcaada destinasyonu /  |c Öğr. Gör. Dr. Murat Aksu. 
250 |a 1. baskı. 
264 1 |a Kızılay, Ankara :  |b Detay Yayıncılık,  |c 2015. 
300 |a xi, 91 pages :  |b illustrations ;  |c 22 cm. 
336 |a text  |b txt  |2 rdacontent 
337 |a unmediated  |b n  |2 rdamedia 
338 |a volume  |b nc  |2 rdacarrier 
490 0 |a Detay Yayınları ;  |v 650 
504 |a Includes bibliographical references (pages 85-91). 
651 0 |a Bozca Island (Turkey) 
651 0 |a Bozca Island (Turkey)  |x Description and travel. 
650 7 |a Travel.  |2 fast  |0 (OCoLC)fst01155558 
651 7 |a Turkey  |z Bozca Island.  |2 fast  |0 (OCoLC)fst01262592 
852 0 0 |b glx  |h DS51.B73  |i A39 2015